Barcelona metròpolis
Descripción Física:
Volums : il·lustracions, periodicitat trimestral ; 27 cm
Idioma:
Catalán
MARC
| LEADER | 00000nas a2200000 a 4500 | ||
|---|---|---|---|
| 001 | 991052077629706706 | ||
| 003 | Arxiu | ||
| 005 | 20260324181154.0 | ||
| 008 | 190620c2018 spcqr p||||||o0 a0cat|c | ||
| 017 | |a DL B. 37375/85 |b Biblioteca de Catalunya | ||
| 022 | |a 2340-129X | ||
| 040 | |a AGDB | ||
| 245 | 0 | 0 | |a Barcelona metròpolis |
| 264 | 1 | |a Barcelona : |b Ajuntament de Barcelona, |c 2018- | |
| 300 | |a Volums : |b il·lustracions, periodicitat trimestral ; |c 27 cm | ||
| 310 | |a Trimestral | ||
| 336 | |a text |b txt |2 rdacontent | ||
| 337 | |a sense mediació |b n |2 rdamedia | ||
| 338 | |a volum |b nc |2 rdacarrier | ||
| 362 | 0 | |a Núm. 109 (octubre 2018)- | |
| 530 | |a També disponible en versió electrònica | ||
| 580 | |a Continuació de: Barcelona metròpolis : capital en transformació | ||
| 651 | 0 | |a Barcelona (Catalunya) |v Revistes |9 55309 | |
| 651 | 0 | |a Barcelona (Catalunya) |x Història local |9 55872 |v Revistes | |
| 710 | 1 | |a Barcelona (Catalunya). |b Ajuntament |e entitat editora |9 50981 | |
| 780 | 0 | 0 | |t Barcelona metròpolis : capital en transformació |x 0214-6223 |
| 856 | 4 | 1 | |z Accés lliure via BCNROC |u http://hdl.handle.net/11703/114621 |
| 856 | 4 | 1 | |z Accés lliure |u https://www.barcelona.cat/metropolis/ca/revistes |
| 866 | |a Núm. 119 (juliol 2021) | ||
| 866 | |a Núm. 120 (setembre 2021) | ||
| 866 | |a Núm. 121 (gener 2022) | ||
| 866 | |a Núm. 122 (abril 2022) | ||
| 866 | |a Núm. 123 (juliol 2022) | ||
| 866 | |a Núm. 124 (octubre 2022) | ||
| 866 | |a Núm. 125 (gener 2023) | ||
| 907 | |a .b73113967 |b 30-10-20 |c 20-06-19 |d 01-10-08 |e s |f b |g - |h cat |i spc |j 0 |k 0 | ||
| 908 | |a BCNexplor@ | ||
| 940 | |a BCNexplor@ | ||
| 942 | |2 udc |c REV |n 1 | ||
| 952 | |0 0 |1 0 |4 0 |6 REV599 |7 1 |9 65399 |a Arxiu |b Arxiu |d 2023-03-01 |h Núm. 119 (juliol 2021) |o Rev-599 |p 27451 |r 2023-03-01 00:00:00 |w 2023-03-01 |y ARXIU | ||
| 952 | |0 0 |1 0 |4 0 |7 1 |9 65400 |a Arxiu |b Arxiu |d 2023-03-01 |h Núm. 120 (setembre 2021) |o Rev-600 |p 27457 |r 2023-03-01 00:00:00 |w 2023-03-01 |y ARXIU | ||
| 952 | |0 0 |1 0 |4 0 |7 1 |9 65401 |a Arxiu |b Arxiu |d 2023-03-01 |h Núm. 121 (gener 2022) |o Rev-601 |p 27456 |r 2023-03-01 00:00:00 |w 2023-03-01 |y ARXIU | ||
| 952 | |0 0 |1 0 |4 0 |7 1 |9 65402 |a Arxiu |b Arxiu |d 2023-03-01 |h Núm. 122 (abril 2022) |o Rev-602 |p 27455 |r 2023-03-01 00:00:00 |w 2023-03-01 |y ARXIU | ||
| 952 | |0 0 |1 0 |4 0 |7 1 |9 65403 |a Arxiu |b Arxiu |d 2023-03-01 |h Núm. 123 (juliol 2022) |o Rev-603 |p 27454 |r 2023-03-01 00:00:00 |w 2023-03-01 |y ARXIU | ||
| 952 | |0 0 |1 0 |4 0 |7 1 |9 65404 |a Arxiu |b Arxiu |d 2023-03-01 |h Núm. 124 (octubre 2022) |o Rev-604 |p 27453 |r 2023-03-01 00:00:00 |w 2023-03-01 |y ARXIU | ||
| 952 | |0 0 |1 0 |4 0 |7 1 |9 65405 |a Arxiu |b Arxiu |d 2023-03-01 |h Núm. 125 (gener 2023) |o Rev-605 |p 27452 |r 2023-03-01 00:00:00 |w 2023-03-01 |y ARXIU | ||
| 999 | |c 83128 |d 83128 | ||